Insomnie, Solann paroles - Statistiques

Statistiques générales
  • Ce quiz a été pris 14 fois
  • Le résultat moyen est 127 sur 168
Statistiques - réponses
Réponse % Correct
insomnie
100%
Je
100%
je
100%
ma
100%
quand
100%
que
100%
qui
100%
Qui
100%
se
100%
te
100%
T'es
100%
tes
100%
a
86%
à
86%
ces
86%
dans
86%
Dans
86%
de
86%
De
86%
des
86%
du
86%
en
86%
est
86%
Et
86%
et
86%
la
86%
le
86%
Les
86%
les
86%
me
86%
mes
86%
mon
86%
Mon
86%
nuit
86%
Pour
86%
reste
86%
Toi
86%
toi
86%
tu
86%
un
86%
une
86%
au
71%
Comme
71%
couperaient
71%
dire
71%
draps
71%
il
71%
lune
71%
Mais
71%
Parce
71%
préférée
71%
restes
71%
sans
71%
soleil
71%
tête
71%
ton
71%
tout
71%
toutes
71%
veines
71%
yeux
71%
âmes
57%
appel
57%
autour
57%
bon
57%
cœur
57%
collent
57%
Danse
57%
déchire
57%
désir
57%
déteste
57%
deux
57%
doigts
57%
doux
57%
d'un
57%
embue
57%
feu
57%
images
57%
latences
57%
l'attente
57%
lit
57%
l'oreiller
57%
manque
57%
manquer
57%
meilleur
57%
messages
57%
monte
57%
nom
57%
paraît
57%
Parfois
57%
passe
57%
peine
57%
peu
57%
pire
57%
porte
57%
pression
57%
qu'on
57%
Qu'on
57%
s'effacer
57%
sommeil
57%
Souvenirs
57%
stupide
57%
tendance
57%
tourment
57%
veiller
57%
veux
57%
vide
57%
voles
57%
martèlent
43%
m'entends
43%
y'a
43%
temples
0%
Aucun quiz correspondant
Distribution des résultats
% des personnes avec chaque résultat
Percentile par nombre de réponses
Votre historique - résultats
Vous n’avez pas pris ce quiz